000 00414nam a2200121Ia 4500
008 160712s9999 xx 000 0 und d
100 _aNieto, Nubia.
245 _cNubia Nieto
_aCorruption in Mexico: A Historical Legacy
260 _c2014
_bSocial Science Diliman
300 _avol. 10 no. 1
650 _xSOCIAL SCIENCE
856 _uhttp://journals.upd.edu.ph/index.php/socialsciencediliman/issue/view/431/showToc
999 _c297233
_d297233